QUEST Central Library Banner

Impact of Cement Replacement by SAW Dust ASH in Compressive Strength of Concrete Cylinders (Record no. 66701)

MARC details
000 -LEADER
fixed length control field 00417nam a22001217a 4500
100 ## - MAIN ENTRY--AUTHOR NAME
Personal name Aqib Munir
-- 18MESTR03
-- Supervisor - Prof. Dr Bashir Ahmed Memon
245 ## - TITLE STATEMENT
Title Impact of Cement Replacement by SAW Dust ASH in Compressive Strength of Concrete Cylinders
260 ## - PUBLICATION, DISTRIBUTION, ETC. (IMPRINT)
Place of publication Nawabshah
Name of publisher QUEST
Year of publication 2020
300 ## - PHYSICAL DESCRIPTION
Number of Pages 46
700 ## - ADDED ENTRY--PERSONAL NAME
Personal name Department of Civil Engineering
856 ## - ELECTRONIC LOCATION AND ACCESS
Uniform Resource Identifier http://tinyurl.com/4a6zprp7
942 ## - ADDED ENTRY ELEMENTS (KOHA)
Koha item type Thesis and Dissertation
Holdings
Withdrawn status Lost status Home library Current library Date acquired Accession Number Koha item type
    Research Section Research Section 24/11/2020 MP/58-743 Thesis and Dissertation
    Research Section Research Section 31/08/2021 PP/65-839 Thesis and Dissertation

Copyright © 2018,The QUEST, Nawabshah, Shaheed Benazirabad. All rights reserved
Mr. G. Farooq Channar (Librarian) QUEST, Nawabshah, Sindh, Pakistan 67480.
 Ph#: |   0244-9370381-4 Ext. 2308   Email| lib@quest.edu.pk   Web|  http://www.quest.edu.pk